Quanol Plus rien ne va de Sol /

El autor reflexiona sobre la vida cotidiana y la cultura de hoy en día. Señala el fin del poder patriarcal y la religión. Sin embargo, apunta el autor, el enfrentamiento ahora es el sentimiento de soledad, la fatiga, el aumento de tensión, de depresiones, de insomnio, de enfermedades psicosomáticas...

Ausführliche Beschreibung

Gespeichert in:
Bibliographische Detailangaben
1. Verfasser: Mendel, Gérard (autor)
Format: Buch
Sprache:Französisch
Schriftenreihe:(Réponses)
Schlagworte:
Tags: Tag hinzufügen
Keine Tags, Fügen Sie das erste Tag hinzu!

MARC

LEADER 00000nam^a2200000^a^4500
001 000069761
005 20250521000000.0
009 20260310091415.569
020 |a 2-221-00241-5 
037 |a Acervo ITESO - Biblioteca 
041 |a FRA 
082 |a 302. 5  |b MEN 
100 |a Mendel, Gérard  |e (autor) 
245 1 0 |a Quanol Plus rien ne va de Sol /  |c G. Mendel. 
264 |a París, Francia :  |b Robert Laffont,  |c 1979 
300 |a 258 p. 
336 |a texto  |b txt  |2 rdacontenido 
337 |a sin mediación  |b n  |2 rdamedio 
338 |a volumen  |b nc  |2 rdasoporte 
440 1 |a (Réponses) 
520 |a El autor reflexiona sobre la vida cotidiana y la cultura de hoy en día. Señala el fin del poder patriarcal y la religión. Sin embargo, apunta el autor, el enfrentamiento ahora es el sentimiento de soledad, la fatiga, el aumento de tensión, de depresiones, de insomnio, de enfermedades psicosomáticas de alcoholismo y drogas, de violencia, intacta en esta obra explicar desde el sociopsicoanálisis dichas actitudes sociales 
649 |a XX 
650 |a Sociología de la Cultura 
650 |a Psicología Social 
650 |a Relaciones Familiares 
910 |a Fondo Armando Suárez Gómez 
920 |a Impresos - Libros 
930 |a Fondos Especiales 
905 |a 111 
901 |a 0700006580  |b IT2  |c ESP  |u 20250521 
902 |a https://opac.biblio.iteso.mx/vufind/Record/000069761